| 000 | 00444nam a2200205Ia 4500 | ||
|---|---|---|---|
| 001 | 13062 | ||
| 003 | GE_BSU | ||
| 008 | 181216s||||||||xx |||||||||||||| ||und|| | ||
| 020 | _a9780586218495 | ||
| 040 | _cGE_BSU | ||
| 080 | _a821.111-3 | ||
| 100 | _aStraub,Peter. | ||
| 245 | 4 | _aThe Throat. | |
| 260 | _aLondon. | ||
| 260 | _bHarper Collins Publishers. | ||
| 260 | _c1994 | ||
| 300 | _a378p;18cm. | ||
| 653 | _aThe Throat. | ||
| 942 | _cBK | ||
| 999 |
_c46229 _d46229 |
||